=LDR 00000nam 2200000 4500 =001 INLIS000000000035306 =005 20130612141157 =008 ***********************************ind** =035 ##$$0010-061300000035306 =041 ##$$a ind =082 ##$$a 628.4 =090 ##$$a 628.4, Set p =100 ##$$a Setyaningrum, Endang =245 ##$$a Potrer kegiatan peremian sanimas oleh 7 organisai permpuan, Penyusun, Enang setyaningrum, Susi Mds,Simanjuntak,Zuhelini Azis =260 ##$$a Derektorat jenderal cipta karya $b Jakarta =300 ##$$a 68 Hlm, Ilus, 27 Cm =650 ##$$a Sanitasi Umum =700 ##$$a Simanjuntak, Susi mds =850 ##$$a NBPNMAT